Vybrané problém porušenia hospodárskej súťaže na Slovensku
Hospodárska súťaž a jej fukcie. Protimonopolná politika a úloha Protimonopolného úradu na Slovensku. Prípady porušenia hospodárskej súťaže.
Salvato in:
| Autore principale: | |
|---|---|
| Natura: | Capitolo di libro |
| Lingua: | slovacco |
| Soggetti: | |
| Tags: |
Nessun Tag, puoi essere il primo ad aggiungerne!!
|
MARC
| LEADER | 00000nla a2200000 4500 | ||
|---|---|---|---|
| 001 | 0215287 | ||
| 005 | 20240523120936.6 | ||
| 041 | 0 | |a slo | |
| 044 | |a SK | ||
| 245 | 1 | 0 | |a Vybrané problém porušenia hospodárskej súťaže na Slovensku |c Iveta Kufelová |
| 520 | |a Hospodárska súťaž a jej fukcie. Protimonopolná politika a úloha Protimonopolného úradu na Slovensku. Prípady porušenia hospodárskej súťaže. | ||
| 610 | 2 | 0 | |a súťaž hospodárska |
| 610 | 2 | 0 | |a ochrana súťaže hospodárskej |
| 610 | 2 | 0 | |a politika protimonopolná |
| 610 | 2 | 0 | |a kartely |
| 610 | 2 | 0 | |a Slovensko |
| 100 | 1 | |a Kufelová, Iveta, 1970- | |